000 00674nam a2200217 a 4500
001 000045942
005 20240412074305.0
008 150602s2015 dr 000 p spa d
020 _a9789993445203
040 _aDO-SdBNP
_bspa
_cBNPHU
082 _aRD861.5
_bD346o
100 1 _aDe León, Victoria
_974016
245 1 0 _aOtoño de amor /
_cVictoria De León.
260 _aSanto Domingo :
_bSurco,
_c2015.
300 _a79 p. ;
_c22 cm.
590 _aInventariado, 2019/MFF
500 _aIncluye datos biográfícos de la autora en las solapas.
650 0 _aPoesía dominicana
_966
650 0 _aLiteratura dominicana.
_967
910 _aValidado. Control de calidad MFF
999 _c45431
_d45431